Gümrük & ticaret dergisi. (Record no. 200419281)
[ view plain ]
| 000 -LEADER | |
|---|---|
| fixed length control field | 00786 a2200277 4500 |
| 001 - CONTROL NUMBER | |
| control field | 200419281 |
| 003 - CONTROL NUMBER IDENTIFIER | |
| control field | TR-AnTOB |
| 005 - DATE AND TIME OF LATEST TRANSACTION | |
| control field | 20190405164444.0 |
| 008 - FIXED-LENGTH DATA ELEMENTS--GENERAL INFORMATION | |
| fixed length control field | 160507d20139999tu zn0p 0 0 d |
| 022 ## - INTERNATIONAL STANDARD SERIAL NUMBER | |
| International Standard Serial Number | 2147-9283 |
| 040 ## - CATALOGING SOURCE | |
| Original cataloging agency | TR-AnTOB |
| 041 ## - LANGUAGE CODE | |
| Language code of text/sound track or separate title | Türkçe |
| 099 ## - LOCAL FREE-TEXT CALL NUMBER (OCLC) | |
| Classification number | JOURNAL - GÜMR Tİ |
| 245 00 - TITLE STATEMENT | |
| Title | Gümrük & ticaret dergisi. |
| 246 23 - VARYING FORM OF TITLE | |
| Title proper/short title | Gümrük ve ticaret dergisi |
| 264 #1 - PRODUCTION, PUBLICATION, DISTRIBUTION, MANUFACTURE, AND COPYRIGHT NOTICE | |
| Place of production, publication, distribution, manufacture | Ankara: |
| Name of producer, publisher, distributor, manufacturer | Gümrük ve Ticaret Müfettişleri Derneği, |
| Date of production, publication, distribution, manufacture, or copyright notice | 2013- |
| 300 ## - PHYSICAL DESCRIPTION | |
| Extent | volumes : |
| Other physical details | illustrations (chiefly color) ; |
| Dimensions | 24 cm. |
| 310 ## - CURRENT PUBLICATION FREQUENCY | |
| Current publication frequency | Quarterly. |
| 336 ## - CONTENT TYPE | |
| Content type term | text |
| Source | rdacontent |
| 337 ## - MEDIA TYPE | |
| Media type term | unmediated |
| Source | rdamedia |
| 338 ## - CARRIER TYPE | |
| Carrier type term | volume |
| Source | rdacarrier |
| 650 #0 - SUBJECT ADDED ENTRY--TOPICAL TERM | |
| Topical term or geographic name entry element | Commerce |
| Form subdivision | Periodicals |
| 9 (RLIN) | 25134 |
| Topical term or geographic name entry element | Ticaret |
| Form subdivision | Süreli yayınlar |
| 9 (RLIN) | 25132 |
| 942 ## - ADDED ENTRY ELEMENTS (KOHA) | |
| Koha item type | Continuing Resource |
No items available.
